France * Les ponts célèbres - Statistiques

Statistiques générales
  • Ce quiz a été pris 53 fois
  • Le résultat moyen est 5 sur 36
Statistiques - réponses
Indices Pont % Correct
Romain - Aqueduc - Gardon Pont du {Gard}
94%
2004 - Tarn - Haubané Viaduc de {Millau}
72%
1607 - Seine - Patrimoine mondial Pont-{Neuf}
57%
1995 - Seine - 856 m Pont de {Normandie}
38%
1900 - Seine - Tsar Pont {Alexandre III}
36%
1959 - Seine - Suspendu Pont de {Tancarville}
30%
1888 - Truyère - Eiffel Viaduc de {Garabit}
26%
1822 - Garonne - Minéral Pont de {pierre}
17%
1967 - Garonne - Suspendu Pont d'{Aquitaine}
15%
1185 - Rhône - On y danse Pont {Saint Bénézet}
15%
1378 - Lot - fortifié Pont {Valentré}
13%
Romain - Ouvèze - 1 arche Pont de {Vaison la Romaine}
9%
1632 - Garonne - ville rose Pont-{Neuf} de {Toulouse}
9%
XIe siècle - Tarn - 9 arches Pont {vieux}
9%
1977 - Seine - Haubans Pont de {Brotonne}
6%
XVIIIe - Vologne - Magique Pont des {fées}
6%
1935 - Canal de Caen - anglais {Pegasus} bridge
4%
1896 - Loire - péniches Pont-{canal} de {Briare}
4%
1900 - Charente - Nacelle Pont-{transbordeur} de {Rochefort}
4%
1909 - Sioule - chemin de fer Viaduc des {Fades}
4%
XVIIe - Rance - Villégiature Vieux-pont de {Dinan}
4%
XIIIe - Gave de Pau - fortifié Vieux-pont d'{Orthez}
4%
1215 - Vienne - Saint Pont {saint Martial}
2%
1511 Weiss - Chapelle Pont de {Kaysersberg}
0%
XVe - Loire - Abbaye Pont de la {Chartreuse}
0%
1966 - Coureau - Ile Pont de l{île d'Oléron}
0%
1336 - Elorn - Habité Pont de {Rohan}
0%
Romain - Robine - Habité Pont des {marchands}
0%
Romain - Aqueduc - Gier Pont du {plat de l'air}
0%
1724 - Loire - Ponts-et-Chaussées Pont {Jacques Gabriel}
0%
1611 - Drac - Merveille Pont {Lesdiguières}
0%
1250 - Ill - protégés Ponts {couverts}
0%
1835 - Canal - Pont-levis Pont {Van Gogh}
0%
XIIe - Orb - 34 Pont (vieux)
0%
1884 - Agoût - chemin de fer Viaduc de {Lavaur}
0%
XIIe - Bévéra - Fortifié Vieux-pont de {Sospel}
0%
Aucun quiz correspondant
Distribution des résultats
% des personnes avec chaque résultat
Percentile par nombre de réponses
Votre historique - résultats
Vous n’avez pas pris ce quiz